00331nam a2200121Ia 4500008004100000020002200041041000800063082002700071100001500098245005100113260003700164300000800201230411s9999 xx 000 0 und d a978-93-5250-047-6 aeng aPS/610.7365/SRE/B04343 aSreevani R aGuide To Mental Health And Psychiatric Nursing bJaypee BrothersaNew Delhic2016 a491